[Event "I Open"]
[Site "Castellaneta ITA"]
[Date "1997.08.??"]
[Round "5"]
[White "Ambrosio, Giuseppe"]
[Black "Leoncini, Mario"]
[WhiteElo "2090"]
[BlackElo "2180"]
[Result "1/2-1/2"]
[PlyCount "49"]
[EventDate "1997.08.29"]

1. d4 d5 2. c4 e6 3. Nf3 Nf6 4. Nc3 Be7 5. e3 O-O 6. Bd3 b6 7. O-O Bb7 8. cxd5
exd5 9. b3 Nbd7 10. Bb2 Ne4 11. Rc1 f5 12. Qe2 a6 13. Rc2 Bd6 14. Nb1 Qf6 15.
Ba3 c5 16. Nc3 Nxc3 17. Rxc3 cxd4 18. Bxd6 dxc3 19. Bxf8 Nxf8 20. Nd4 f4 21.
Rc1 fxe3 22. fxe3 Qe5 23. Rxc3 Ne6 24. Qf2 Rf8 25. Qg3 1/2-1/2

[Event "I Open"]
[Site "Castellaneta ITA"]
[Date "1997.08.??"]
[Round "5"]
[White "Campanile, Antonio"]
[Black "Gueci, Riccardo"]
[WhiteElo "2155"]
[BlackElo "2150"]
[Result "1/2-1/2"]
[PlyCount "64"]
[EventDate "1997.08.29"]

1. f4 Nf6 2. Nf3 c5 3. g3 b6 4. d3 d5 5. Bg2 Bb7 6. O-O Nbd7 7. Na3 a6 8. e4
dxe4 9. Ng5 h6 10. Nxe4 Qc7 11. Qe2 Nxe4 12. dxe4 e6 13. b3 Be7 14. Bb2 O-O 15.
c4 Rad8 16. Nc2 Rfe8 17. Ne3 Bf6 18. e5 Be7 19. Bxb7 Qxb7 20. Ng2 g6 21. g4 Bf8
22. Rf3 Bg7 23. Rd1 Nb8 24. Rfd3 Nc6 25. Qe4 Qc8 26. Bc3 Rxd3 27. Rxd3 Rd8 28.
Rxd8+ Nxd8 29. Ne3 Nc6 30. f5 exf5 31. gxf5 Kh7 32. h4 Qe8 1/2-1/2

[Event "I Open"]
[Site "Castellaneta ITA"]
[Date "1997.08.??"]
[Round "5"]
[White "Ciampi, Vincenzo"]
[Black "Capitelli, Paolo"]
[WhiteElo "2165"]
[BlackElo "1872"]
[Result "1-0"]
[PlyCount "81"]
[EventDate "1997.08.29"]

1. e4 c5 2. Nf3 e6 3. d4 cxd4 4. Nxd4 Nf6 5. Nc3 Nc6 6. g3 Bb4 7. Bg2 d5 8.
Nxc6 bxc6 9. e5 Nd7 10. Qg4 Bf8 11. f4 g6 12. O-O Bg7 13. Be3 O-O 14. Rad1 Rb8
15. b3 Qa5 16. Na4 c5 17. Rfe1 Qc7 18. h4 h5 19. Qe2 d4 20. Bc1 Bb7 21. Bxb7
Rxb7 22. c4 Nb6 23. Nb2 Rd8 24. Nd3 a5 25. Qe4 Ra7 26. a4 Nd7 27. Ba3 Bf8 28.
Re2 Qb7 29. Qxb7 Rxb7 30. Nc1 Rdb8 31. Rd3 Be7 32. Kf1 Kf8 33. Ke1 Ke8 34. Kd2
Bd8 35. Rg2 Be7 36. Rf3 Nb6 37. g4 hxg4 38. Rxg4 Kd7 39. Ne2 Kc7 40. h5 gxh5
41. Rg7 1-0

[Event "I Open"]
[Site "Castellaneta ITA"]
[Date "1997.08.??"]
[Round "5"]
[White "Di Carlo, Romeo"]
[Black "Cucinella, Vincenzo"]
[WhiteElo "2115"]
[BlackElo "1971"]
[Result "1-0"]
[PlyCount "33"]
[EventDate "1997.08.29"]

1. d4 Nf6 2. Nf3 g6 3. Bf4 Bg7 4. h3 O-O 5. e3 d6 6. Be2 Nbd7 7. O-O c5 8. c4
a6 9. Nc3 Qa5 10. Qd2 Rb8 11. a4 Re8 12. Rfd1 Nf8 13. Ne1 Ne6 14. Bh2 h5 15.
Rab1 Ng5 16. h4 Nge4 17. Nxe4 1-0

[Event "I Open"]
[Site "Castellaneta ITA"]
[Date "1997.08.??"]
[Round "5"]
[White "Pizzuto, Samuele Tullio"]
[Black "Castrogiovanni, Carlo"]
[WhiteElo "2161"]
[BlackElo "2105"]
[Result "0-1"]
[PlyCount "52"]
[EventDate "1997.08.29"]

1. e4 c5 2. Nc3 g6 3. f4 Bg7 4. Nf3 e6 5. Bc4 a6 6. a4 Ne7 7. d3 O-O 8. O-O
Nbc6 9. Qe1 d5 10. Ba2 Nd4 11. Nxd4 cxd4 12. Nd1 b5 13. Bb3 bxa4 14. Rxa4 dxe4
15. dxe4 Bd7 16. Ra1 d3 17. Kh1 dxc2 18. Bxc2 Bb5 19. Rf3 Nc6 20. Rh3 Nd4 21.
Bb1 Rc8 22. Nc3 Nb3 23. Ra3 Nxc1 24. Qxc1 Qd4 25. Qe1 Rfd8 26. Nxb5 Rc1 0-1

[Event "I Open"]
[Site "Castellaneta ITA"]
[Date "1997.08.??"]
[Round "5"]
[White "Vignato, Giovanni"]
[Black "Di Gianni, Rocco"]
[WhiteElo "2150"]
[BlackElo "1912"]
[Result "1/2-1/2"]
[PlyCount "124"]
[EventDate "1997.08.29"]

1. e4 c5 2. Nf3 d6 3. d4 cxd4 4. Nxd4 Nf6 5. f3 e5 6. Bb5+ Bd7 7. Bxd7+ Nbxd7
8. Nf5 d5 9. exd5 Nb6 10. c4 Rc8 11. b3 g6 12. Ng3 Bc5 13. Bb2 O-O 14. Nd2
Nbxd5 15. cxd5 Nxd5 16. Rc1 Nf4 17. Rxc5 Nd3+ 18. Kf1 Rxc5 19. Ba3 Rd5 20. Bxf8
Nb2 21. Be7 Rxd2 22. Bxd8 Rxd1+ 23. Ke2 Rxd8 24. Ne4 Nd3 25. g3 Nb4 26. Rc1 Nc6
27. Ke3 Ne7 28. Ke2 Nd5 29. Rc5 Kf8 30. Nc3 Nxc3+ 31. Rxc3 Ke7 32. Ke3 f5 33.
h4 Ke6 34. a4 Rd7 35. Rc2 a6 36. h5 gxh5 37. Rh2 Rd4 38. Rxh5 Rb4 39. Rxh7
Rxb3+ 40. Ke2 Kd6 41. Rf7 Ke6 42. Rh7 a5 43. Rg7 b6 44. Rh7 Rb4 45. Rh6+ Kd5
46. Rf6 Rb2+ 47. Ke3 Rb3+ 48. Ke2 Rb4 49. Kf2 Rxa4 50. Rxb6 Rb4 51. Rf6 a4 52.
Rxf5 a3 53. f4 Re4 54. fxe5 Ra4 55. Ke3 a2 56. Rf1 a1=Q 57. Rxa1 Rxa1 58. Kf4
Rf1+ 59. Kg5 Kxe5 60. g4 Rf8 61. Kh6 Rg8 62. g5 Kf5 1/2-1/2

[Event "I Open"]
[Site "Castellaneta ITA"]
[Date "1997.08.??"]
[Round "6"]
[White "Castrogiovanni, Carlo"]
[Black "Vignato, Giovanni"]
[WhiteElo "2105"]
[BlackElo "2150"]
[Result "1-0"]
[PlyCount "75"]
[EventDate "1997.08.29"]

1. Nf3 d5 2. c4 d4 3. g3 c5 4. b4 cxb4 5. a3 bxa3 6. Bxa3 Nc6 7. d3 Nf6 8. Bg2
g6 9. O-O Bg7 10. Nbd2 O-O 11. Ra2 Re8 12. Qa1 e5 13. Ng5 Bh8 14. Nde4 h6 15.
Nxf6+ Bxf6 16. Ne4 Be7 17. Rb1 Bxa3 18. Rxa3 Qe7 19. Rab3 Rb8 20. c5 a5 21. Qb2
Nb4 22. Ra1 Be6 23. Rba3 Qc7 24. Rb1 Kg7 25. Nd2 Bd5 26. Nc4 Bxg2 27. Kxg2 Qxc5
28. Kg1 Ra8 29. Rxa5 b5 30. Rxa8 Rxa8 31. Nxe5 Qxe5 32. Qxb4 Ra2 33. Rd1 Qd5
34. Rd2 Rxd2 35. Qxd2 Kf6 36. Qxh6 Qh5 37. Qf4+ Kg7 38. Qxd4+ 1-0

[Event "I Open"]
[Site "Castellaneta ITA"]
[Date "1997.08.??"]
[Round "6"]
[White "Cucinella, Vincenzo"]
[Black "Pizzuto, Samuele Tullio"]
[WhiteElo "1971"]
[BlackElo "2161"]
[Result "0-1"]
[PlyCount "60"]
[EventDate "1997.08.29"]

1. d4 f5 2. e4 fxe4 3. Nc3 Nf6 4. f3 exf3 5. Nxf3 e6 6. Bd3 Be7 7. Bg5 O-O 8.
O-O c5 9. dxc5 Bxc5+ 10. Kh1 Be7 11. Qe2 d5 12. Nd4 Qb6 13. Nb3 Nc6 14. a3 Bd7
15. Na4 Qc7 16. Nac5 e5 17. Nxd7 Qxd7 18. Bb5 Qd6 19. Rad1 Kh8 20. Bd3 Rad8 21.
Bxf6 Rxf6 22. Rxf6 Qxf6 23. Rf1 Qh4 24. Qf2 Qxf2 25. Rxf2 e4 26. Be2 Bf6 27. c3
d4 28. cxd4 Nxd4 29. Nxd4 Rxd4 30. Bf1 Rd1 0-1

[Event "I Open"]
[Site "Castellaneta ITA"]
[Date "1997.08.??"]
[Round "6"]
[White "Di Gianni, Rocco"]
[Black "Lalic, Bogdan"]
[WhiteElo "1912"]
[BlackElo "2600"]
[Result "1/2-1/2"]
[PlyCount "30"]
[EventDate "1997.08.29"]

1. d4 Nf6 2. Bg5 e6 3. Nd2 h6 4. Bf4 Nh5 5. Bg3 d6 6. e4 g6 7. Bd3 Bg7 8. Ne2
Nd7 9. c3 Qe7 10. f3 Nxg3 11. Nxg3 e5 12. d5 h5 13. Qe2 O-O 14. O-O Bh6 15. Nh1
Kg7 1/2-1/2

[Event "I Open"]
[Site "Castellaneta ITA"]
[Date "1997.08.??"]
[Round "6"]
[White "Gueci, Riccardo"]
[Black "Ricca, Roberto"]
[WhiteElo "2150"]
[BlackElo "2145"]
[Result "1-0"]
[PlyCount "57"]
[EventDate "1997.08.29"]

1. e4 e5 2. Nf3 Nc6 3. Be2 Nf6 4. d3 Be7 5. O-O O-O 6. c3 d5 7. Qc2 Re8 8. Rd1
Be6 9. b4 a6 10. a3 d4 11. cxd4 exd4 12. Ng5 Bg4 13. f4 Bxe2 14. Qxe2 Nd7 15.
Nf3 Nb6 16. Qc2 Qd6 17. Rf1 Rad8 18. Nbd2 Qxf4 19. Nc4 Qg4 20. Nfe5 Nxe5 21.
Nxe5 Qe6 22. Nxf7 Rd7 23. Ng5 Qg4 24. Qa2+ Nd5 25. Nf3 Bf6 26. Qb3 Kh8 27. exd5
Rc8 28. Rf2 Re7 29. Raa2 1-0

[Event "I Open"]
[Site "Castellaneta ITA"]
[Date "1997.08.??"]
[Round "6"]
[White "Leoncini, Mario"]
[Black "Di Carlo, Romeo"]
[WhiteElo "2180"]
[BlackElo "2115"]
[Result "1/2-1/2"]
[PlyCount "90"]
[EventDate "1997.08.29"]

1. e4 c6 2. Nc3 d5 3. Nf3 d4 4. Ne2 c5 5. Ng3 a6 6. a4 Nc6 7. Bc4 e5 8. O-O Be7
9. d3 Nf6 10. Ng5 O-O 11. f4 Bg4 12. Qe1 exf4 13. Bxf4 h6 14. Nf3 Nh5 15. Nxh5
Bxh5 16. Qg3 Kh7 17. Qh3 Bg6 18. g4 Rh8 19. Qg3 Rf8 20. Kg2 Qd7 21. h3 Rad8 22.
Rfe1 Kh8 23. Re2 f6 24. Nh4 Bh7 25. Nf5 Bxf5 26. gxf5 Bd6 27. Rf2 Bxf4 28. Rxf4
Ne5 29. Be6 Qe8 30. Bd5 a5 31. b3 b6 32. Raf1 Rd7 33. Kh2 Ra7 34. Kh1 Qe7 35.
Rg1 Rd8 36. Rh4 Kh7 37. Qf4 Qf8 38. Rg3 Rb8 39. Qd2 Rd8 40. Rf4 Rad7 41. Rf1
Rc7 42. Rfg1 Rdd7 43. h4 Re7 44. Qe2 Red7 45. Qh5 Re7 1/2-1/2

[Event "I Open"]
[Site "Castellaneta ITA"]
[Date "1997.08.??"]
[Round "6"]
[White "Sansonetti, Giorgio"]
[Black "Campanile, Antonio"]
[WhiteElo "2200"]
[BlackElo "2155"]
[Result "1/2-1/2"]
[PlyCount "53"]
[EventDate "1997.08.29"]

1. e4 d5 2. exd5 Qxd5 3. Nc3 Qa5 4. d4 c6 5. Nf3 Nf6 6. Bd2 Qc7 7. Bc4 Bf5 8.
Ne2 e6 9. Bf4 Bd6 10. Bxd6 Qxd6 11. c3 Nbd7 12. Ng3 Bg6 13. Nh4 O-O-O 14. Nxg6
hxg6 15. Qf3 Rh4 16. O-O-O Rdh8 17. h3 Qc7 18. Bb3 g5 19. Qe3 Qf4 20. Rhe1
Qxe3+ 21. Rxe3 g4 22. hxg4 Rxg4 23. Rg1 Rhh4 24. Bd1 Rg5 25. Bf3 Kc7 26. Ree1
Rg6 27. Rh1 1/2-1/2

[Event "XVII Festival Conca della Presolana Magistrale"]
[Site "Bratto - Castione della Presolana ITA"]
[Date "1997.08.??"]
[Round "1"]
[White "Bednarich, Jan"]
[Black "Efimov, Igor"]
[Result "0-1"]
[WhiteElo "2190"]
[BlackElo "2540"]
[PlyCount "68"]
[EventDate "1997.08.21"]

1. e4 c5 2. Nf3 Nc6 3. d4 cxd4 4. Nxd4 Qb6 5. Nb3 Nf6 6. Nc3 e6 7. Bd3 Be7 8.
Be3 Qc7 9. f4 d6 10. Qf3 a6 11. O-O Rb8 12. a4 b6 13. Rae1 Bb7 14. Qh3 Nb4 15.
Nd4 g6 16. Kh1 d5 17. f5 gxf5 18. exf5 e5 19. Bg5 Rg8 20. Qh4 Rxg5 21. Qxg5 e4
22. Be2 Qe5 23. Qf4 Bd6 24. Qxe5+ Bxe5 25. Rd1 Ke7 26. Kg1 Rd8 27. g3 Bxd4+ 28.
Rxd4 Nxc2 29. Rd2 Ne3 30. Re1 d4 31. Nd1 Nxf5 32. Bc4 e3 33. Rc2 Be4 34. Rc1
Rc8 0-1

[Event "XVII Festival Conca della Presolana Magistrale"]
[Site "Bratto - Castione della Presolana ITA"]
[Date "1997.08.??"]
[Round "1"]
[White "Bosio, Devis"]
[Black "Cugini, Verter"]
[Result "0-1"]
[WhiteElo "1951"]
[BlackElo "2215"]
[PlyCount "68"]
[EventDate "1997.08.21"]

1. e4 e6 2. d4 d5 3. Nd2 Nf6 4. e5 Ne4 5. Bd3 Nxd2 6. Bxd2 c5 7. Nf3 cxd4 8.
Nxd4 Nc6 9. Nxc6 bxc6 10. O-O Qb6 11. b3 Ba6 12. Qe2 Bxd3 13. cxd3 c5 14. Rfc1
Be7 15. Qg4 g6 16. Qa4+ Kf8 17. Bh6+ Kg8 18. Qf4 Qd8 19. Qg4 Rb8 20. Rc2 Rb4
21. f4 Qb6 22. Bg5 h5 23. Qf3 Bf8 24. Kh1 Kh7 25. Rac1 Qa6 26. Bf6 Bg7 27. g4
hxg4 28. Qg3 Kg8 29. Rxc5 Rh3 30. Rc8+ Kh7 31. Qxg4 Qxd3 32. R8c3 Qe4+ 33. Qg2
Rxc3 34. Rxc3 Qe1+ 0-1

[Event "XVII Festival Conca della Presolana Magistrale"]
[Site "Bratto - Castione della Presolana ITA"]
[Date "1997.08.??"]
[Round "1"]
[White "Bossi, Alessandro"]
[Black "Pantaleoni, Claudio"]
[Result "1-0"]
[WhiteElo "2009"]
[BlackElo "2235"]
[PlyCount "59"]
[EventDate "1997.08.21"]

1. e4 c5 2. Nf3 e6 3. b3 b6 4. Bb2 Bb7 5. Nc3 Nc6 6. d4 cxd4 7. Nxd4 Nf6 8.
Nxc6 dxc6 9. Bd3 Qc7 10. Qe2 Bd6 11. e5 Bxe5 12. Nb5 Bxb2 13. Nxc7+ Kd8 14.
Nxa8 Bc3+ 15. Kf1 Bxa1 16. Qd1 Be5 17. Ba6+ Kc8 18. Nxb6+ axb6 19. Bxb7+ Kxb7
20. g3 Ra8 21. a4 Ra5 22. c4 c5 23. Qd8 Ra7 24. Kg2 Bd4 25. Re1 Ka6 26. Re2 e5
27. a5 bxa5 28. Ra2 Bc3 29. Qd6+ Kb7 30. Qxc5 1-0

[Event "XVII Festival Conca della Presolana Magistrale"]
[Site "Bratto - Castione della Presolana ITA"]
[Date "1997.08.??"]
[Round "1"]
[White "Carparelli, Luciano"]
[Black "Alberton, Roberto"]
[Result "1-0"]
[WhiteElo "1900"]
[BlackElo "2190"]
[PlyCount "65"]
[EventDate "1997.08.21"]

1. e4 c5 2. Nf3 e6 3. d4 cxd4 4. Nxd4 Nf6 5. Nc3 d6 6. g4 h6 7. h4 Nc6 8. Rg1
Nd7 9. g5 hxg5 10. Bxg5 Qc7 11. Be2 Nxd4 12. Qxd4 a6 13. h5 Qc5 14. Qd2 b5 15.
Be3 Qc6 16. Qd4 f6 17. h6 gxh6 18. Bh5+ Kd8 19. Be2 Rb8 20. O-O-O h5 21. f4 h4
22. Bg4 e5 23. Qd2 exf4 24. Bxf4 Ne5 25. Bxe5 fxe5 26. Qg5+ Be7 27. Qxe5 Rf8
28. Bxc8 Rxc8 29. Rg6 b4 30. Rgxd6+ Bxd6 31. Rxd6+ Qxd6 32. Qxd6+ Ke8 33. Nd5
1-0

[Event "XVII Festival Conca della Presolana Magistrale"]
[Site "Bratto - Castione della Presolana ITA"]
[Date "1997.08.??"]
[Round "1"]
[White "Ceresoli, Luigi"]
[Black "Mauro, Alan"]
[Result "1/2-1/2"]
[WhiteElo "2053"]
[BlackElo "2275"]
[PlyCount "71"]
[EventDate "1997.08.21"]

1. e4 c5 2. c3 Nf6 3. e5 Nd5 4. d4 cxd4 5. cxd4 e6 6. Nc3 d6 7. Nf3 Nc6 8. exd6
Bxd6 9. Bd3 Nf4 10. Bxf4 Bxf4 11. O-O O-O 12. Re1 g6 13. Qa4 Bh6 14. Rad1 Bd7
15. Qa3 Bg7 16. Be4 Qa5 17. Qb3 Qb6 18. Qxb6 axb6 19. d5 exd5 20. Bxd5 Bg4 21.
Bb3 Rfe8 22. Nd5 Rxe1+ 23. Rxe1 Bxf3 24. gxf3 Nd4 25. Kg2 Nxb3 26. axb3 Bxb2
27. Nxb6 Ra3 28. Nc4 Rxb3 29. Rb1 b5 30. Nxb2 Kg7 31. Kf1 h5 32. Ke2 g5 33. Kd2
b4 34. Kc2 Rc3+ 35. Kd2 Rb3 36. Kc2 1/2-1/2

[Event "XVII Festival Conca della Presolana Magistrale"]
[Site "Bratto - Castione della Presolana ITA"]
[Date "1997.08.??"]
[Round "1"]
[White "Di Fonzo, Valerio"]
[Black "Capece, Adolivio"]
[Result "1/2-1/2"]
[WhiteElo "2225"]
[BlackElo "1953"]
[PlyCount "73"]
[EventDate "1997.08.21"]

1. e4 c5 2. Nf3 Nc6 3. d4 cxd4 4. Nxd4 g6 5. c4 Bg7 6. Be3 Nf6 7. Nc3 Ng4 8.
Qxg4 Nxd4 9. Qd1 e5 10. Bd3 O-O 11. O-O d6 12. Nd5 Be6 13. f4 f5 14. Kh1 Bxd5
15. cxd5 fxe4 16. Bxe4 Nf5 17. Bxf5 Rxf5 18. fxe5 Rxf1+ 19. Qxf1 Bxe5 20. Qf2
Qf6 21. Rf1 Qxf2 22. Rxf2 Rf8 23. Kg1 Rxf2 24. Kxf2 Bxb2 25. Bxa7 Kf7 26. Kf3
Be5 27. h3 Kf6 28. Be3 Kf5 29. g4+ Kf6 30. Ke4 Ke7 31. h4 Bb2 32. Bf4 Ba3 33.
Bg5+ Kd7 34. h5 Bb2 35. Bf4 Ke7 36. Bg5+ Kd7 37. Bf4 1/2-1/2

[Event "XVII Festival Conca della Presolana Magistrale"]
[Site "Bratto - Castione della Presolana ITA"]
[Date "1997.08.??"]
[Round "1"]
[White "Di Lazzaro, Gabriele"]
[Black "Rosino, Antonio"]
[Result "0-1"]
[WhiteElo "2030"]
[BlackElo "2265"]
[PlyCount "76"]
[EventDate "1997.08.21"]

1. Nf3 Nf6 2. g3 g6 3. b3 Bg7 4. Bb2 d5 5. c4 c6 6. Bg2 Nbd7 7. O-O O-O 8. d3
Re8 9. Qc2 e5 10. cxd5 Nxd5 11. Nbd2 Qe7 12. Rac1 Nb4 13. Qb1 c5 14. a3 Nc6 15.
Nc4 Nf8 16. Rfe1 Bd7 17. Nfd2 Ne6 18. Ne3 Rac8 19. Nd5 Qf8 20. Qa1 Nc7 21. Nxc7
Rxc7 22. Bc3 Rcc8 23. Qb2 b6 24. Nc4 f6 25. Red1 Red8 26. Nd2 Nd4 27. Nf3 Qf7
28. Bxd4 cxd4 29. Nd2 Bh6 30. Rxc8 Rxc8 31. Nc4 Qe7 32. a4 Qb4 33. Kf1 Be6 34.
Rc1 Rc7 35. Ra1 Kf8 36. Rb1 Ke7 37. Na3 Rc3 38. Nb5 Rxb3 0-1

[Event "XVII Festival Conca della Presolana Magistrale"]
[Site "Bratto - Castione della Presolana ITA"]
[Date "1997.08.??"]
[Round "1"]
[White "Drazic, Sinisa"]
[Black "Caruso, Daniele"]
[Result "1-0"]
[WhiteElo "2445"]
[BlackElo "2130"]
[PlyCount "59"]
[EventDate "1997.08.21"]

1. d4 Nf6 2. Nf3 g6 3. Nc3 d5 4. Bg5 Nbd7 5. Qd2 Bg7 6. Bh6 O-O 7. Bxg7 Kxg7 8.
O-O-O c6 9. h4 h5 10. Ng5 Qa5 11. f3 b5 12. a3 Qb6 13. e4 dxe4 14. Ncxe4 a5 15.
g4 Rh8 16. gxh5 Rxh5 17. Ng3 Rh8 18. f4 Nd5 19. h5 N7f6 20. Be2 Bd7 21. Bf3 a4
22. c3 Qb8 23. Rh4 gxh5 24. Rdh1 Qd6 25. Bxh5 Nxh5 26. Nxh5+ Kf8 27. Ng3 Rxh4
28. Rxh4 f6 29. N5e4 Qe6 30. Qh2 1-0

[Event "XVII Festival Conca della Presolana Magistrale"]
[Site "Bratto - Castione della Presolana ITA"]
[Date "1997.08.??"]
[Round "1"]
[White "Farago, Ivan"]
[Black "Mariano, Elia"]
[Result "1-0"]
[WhiteElo "2445"]
[BlackElo "2145"]
[PlyCount "73"]
[EventDate "1997.08.21"]

1. d4 d5 2. c4 e6 3. Nf3 Nf6 4. Nc3 Nbd7 5. Bg5 Be7 6. e3 O-O 7. Rc1 c6 8. Bd3
dxc4 9. Bxc4 Nd5 10. Bxe7 Qxe7 11. Ne4 e5 12. dxe5 Nxe5 13. Nxe5 Qxe5 14. Bxd5
cxd5 15. Nc3 Be6 16. O-O Rfd8 17. Qd3 f5 18. f4 Qf6 19. Nb5 a6 20. Nd4 Rac8 21.
Qb3 Qe7 22. Rfe1 g6 23. h3 Rc4 24. Kh2 Rdc8 25. Rcd1 Bf7 26. Qb6 Rb4 27. Qa5
Rxb2 28. Rc1 Rxc1 29. Rxc1 Qe4 30. Qd8+ Kg7 31. Qg5 Rxa2 32. Rc7 h6 33. Qg3 Rb2
34. Nf3 Kf6 35. Ne5 Be8 36. Qh4+ g5 37. Qxh6+ 1-0

[Event "XVII Festival Conca della Presolana Magistrale"]
[Site "Bratto - Castione della Presolana ITA"]
[Date "1997.08.??"]
[Round "1"]
[White "Genocchio, Daniele"]
[Black "Mascheroni, Maurizio"]
[Result "1-0"]
[WhiteElo "2215"]
[BlackElo "1944"]
[PlyCount "81"]
[EventDate "1997.08.21"]

1. e4 d6 2. d4 Nf6 3. Nc3 g6 4. f3 c6 5. Be3 Nbd7 6. Qd2 Bg7 7. g4 O-O 8. Nge2
b5 9. Ng3 b4 10. Nd1 a5 11. h4 c5 12. h5 cxd4 13. Bxd4 Ne5 14. Bxe5 dxe5 15.
Qh2 h6 16. hxg6 fxg6 17. Bc4+ e6 18. Bd3 Ba6 19. Bxa6 Rxa6 20. Qe2 Rc6 21. Nf2
Qd4 22. Nd3 Rfc8 23. Rc1 Nd7 24. Qd2 Nc5 25. Nxc5 Qxc5 26. Nf1 Rd6 27. Qe3 Qb5
28. Ng3 a4 29. Rxh6 Bxh6 30. Qxh6 Qe8 31. Qg5 Rc5 32. Nh5 Qf7 33. f4 Rd4 34.
Nf6+ Kg7 35. fxe5 Rcc4 36. Qe3 Qb7 37. Kf2 Rxe4 38. Nxe4 Rxe4 39. Qf3 Qb6+ 40.
Kg2 Rxe5 41. Rf1 1-0

[Event "XVII Festival Conca della Presolana Magistrale"]
[Site "Bratto - Castione della Presolana ITA"]
[Date "1997.08.??"]
[Round "1"]
[White "Klinova, Masha"]
[Black "Oppici, Gabriele"]
[Result "1-0"]
[WhiteElo "2330"]
[BlackElo "2095"]
[PlyCount "66"]
[EventDate "1997.08.21"]

1. e4 Nc6 2. Nf3 d6 3. d4 Nf6 4. Nc3 Bg4 5. Be2 e6 6. Be3 Be7 7. h3 Bh5 8. d5
Nb8 9. dxe6 fxe6 10. e5 Nfd7 11. Nd4 Bf7 12. exd6 cxd6 13. Bh5 g6 14. Bg4 Nf8
15. Bh6 e5 16. Nf3 Nbd7 17. O-O Nf6 18. Ng5 Bc4 19. Be2 Bxe2 20. Qxe2 Nh5 21.
Qb5+ Qd7 22. Rad1 Rc8 23. Qd5 Nf4 24. Qf7+ Kd8 25. Nge4 N4e6 26. Nf6 Bxf6 27.
Qxf6+ Kc7 28. Bxf8 Rcxf8 29. Nd5+ Kc8 30. Qh4 Nf4 31. Rfe1 Kb8 32. Qg3 Rf7 33.
Nxf4 Rxf4 1-0

[Event "XVII Festival Conca della Presolana Magistrale"]
[Site "Bratto - Castione della Presolana ITA"]
[Date "1997.08.??"]
[Round "1"]
[White "Lagrotteria, Salvatore"]
[Black "Didoni, Renato"]
[Result "1-0"]
[WhiteElo "2225"]
[BlackElo "1984"]
[PlyCount "135"]
[EventDate "1997.08.21"]

1. Nf3 d5 2. d4 Nf6 3. c4 c6 4. Nc3 g6 5. cxd5 cxd5 6. Bf4 Bg7 7. e3 Nc6 8. Be2
O-O 9. Ne5 Bd7 10. Bf3 e6 11. h4 Ne8 12. Nd3 a6 13. Nc5 Bc8 14. Rc1 Nd6 15.
Bxd6 Qxd6 16. h5 Na5 17. hxg6 hxg6 18. b3 Nc6 19. Nd3 Ne7 20. Qd2 Bd7 21. Ne2
Rac8 22. O-O Nf5 23. Nc5 Bc6 24. Bg4 Bf6 25. Bxf5 exf5 26. a4 Kg7 27. g3 Rh8
28. Kg2 Rh7 29. Qb4 Rch8 30. Rh1 Be7 31. Rxh7+ Rxh7 32. Rh1 Rxh1 33. Kxh1 Qd8
34. Qc3 Qh8+ 35. Kg2 g5 36. Nxa6 Qh5 37. Ng1 Bd6 38. Nc5 f4 39. exf4 gxf4 40.
Nd3 Qg4 41. Ne1 fxg3 42. fxg3 Bd7 43. Qe3 Bf5 44. Nd3 Be4+ 45. Kf2 Be7 46. Nf4
Bf6 47. Nge2 Kf8 48. Ke1 Be7 49. Nc3 Bb4 50. Kf2 Qf5 51. Nxe4 dxe4 52. Kg2 b6
53. Ne2 Qd5 54. Nf4 Qf5 55. Qe2 Bc3 56. Qc4 Bd2 57. Qd5 Qh7 58. Nh5 f5 59. Qd8+
Kf7 60. Qd7+ Kg6 61. Nf4+ Kh6 62. Qxh7+ Kxh7 63. Nd5 Kg7 64. Kf2 Kf7 65. Nxb6
Ke6 66. d5+ Ke7 67. Nc4 Bb4 68. Ke3 1-0

[Event "XVII Festival Conca della Presolana Magistrale"]
[Site "Bratto - Castione della Presolana ITA"]
[Date "1997.08.??"]
[Round "1"]
[White "Lanzani, Mario"]
[Black "De Barberis, Massimo"]
[Result "1-0"]
[WhiteElo "2360"]
[BlackElo "2110"]
[PlyCount "37"]
[EventDate "1997.08.21"]

1. e4 c5 2. Nf3 d6 3. d4 cxd4 4. Nxd4 Nf6 5. Nc3 a6 6. Be2 e6 7. O-O Nbd7 8. f4
b5 9. Bf3 Bb7 10. e5 Bxf3 11. Nxf3 dxe5 12. fxe5 Ng4 13. Qe2 Qc7 14. Qe4 Qa7+
15. Kh1 h5 16. Ng5 Ndxe5 17. Nxf7 Nf2+ 18. Rxf2 Qxf2 19. Be3 1-0

[Event "XVII Festival Conca della Presolana Magistrale"]
[Site "Bratto - Castione della Presolana ITA"]
[Date "1997.08.??"]
[Round "1"]
[White "Lapiccirella, Mattia"]
[Black "Ranieri, Fabrizio"]
[Result "1/2-1/2"]
[WhiteElo "1930"]
[BlackElo "2200"]
[PlyCount "52"]
[EventDate "1997.08.21"]

1. d4 e6 2. c4 d5 3. Nc3 c6 4. Nf3 Nf6 5. Bg5 dxc4 6. a4 Bb4 7. Bxf6 Qxf6 8. e3
b5 9. Be2 Bb7 10. O-O Bxc3 11. bxc3 O-O 12. Qc2 a6 13. Rfb1 Qe7 14. Qb2 Ra7 15.
Bxc4 bxc4 16. Qb6 Ba8 17. Qxb8 c5 18. Qb2 Be4 19. Rd1 Rb7 20. Qa2 Bd5 21. Nd2
f5 22. Rab1 Qg5 23. e4 fxe4 24. Nf1 Rxb1 25. Qxb1 cxd4 26. Rxd4 h5 1/2-1/2

[Event "XVII Festival Conca della Presolana Magistrale"]
[Site "Bratto - Castione della Presolana ITA"]
[Date "1997.08.??"]
[Round "1"]
[White "Mancini, Giustino"]
[Black "Ferretti, Folco"]
[Result "0-1"]
[WhiteElo "2060"]
[BlackElo "2285"]
[PlyCount "114"]
[EventDate "1997.08.21"]

1. d4 Nf6 2. c4 e6 3. Nf3 b6 4. g3 Bb7 5. Bg2 Bb4+ 6. Bd2 Bxd2+ 7. Nbxd2 O-O 8.
O-O d6 9. Re1 Nbd7 10. Qc2 c5 11. e4 cxd4 12. Nxd4 a6 13. b4 Qc7 14. Qb3 Rac8
15. Rac1 Qb8 16. Rc2 Rfd8 17. a3 Qa8 18. f3 Qa7 19. Qe3 Ne5 20. Rc3 Ng6 21. Bh3
Re8 22. Ne2 d5 23. Rec1 dxe4 24. Nxe4 Nxe4 25. fxe4 Qa8 26. Bg2 Red8 27. h3 Ne5
28. Nf4 Rc6 29. c5 b5 30. Nd3 Nc4 31. Qf4 e5 32. Qf1 Ne3 33. Qe2 Nxg2 34. Kxg2
Re6 35. Nf2 Rd4 36. Re3 f5 37. Rd1 Qd8 38. Kh2 Rxd1 39. Qxd1 Qxd1 40. Nxd1 Bxe4
41. Nf2 Bc6 42. Nd3 e4 43. g4 Re8 44. Nc1 f4 45. Re1 g5 46. Nb3 e3 47. Nd4 Bd5
48. Nf5 Re5 49. Rd1 h5 50. Kg1 Bf3 51. Rd8+ Kf7 52. Kf1 Bg2+ 53. Kxg2 e2 54.
Nd6+ Kg6 55. gxh5+ Kxh5 56. Nf7 Re7 57. Rh8+ Kg6 0-1

[Event "XVII Festival Conca della Presolana Magistrale"]
[Site "Bratto - Castione della Presolana ITA"]
[Date "1997.08.??"]
[Round "1"]
[White "Marchini, Massimo"]
[Black "Grosar, Aljosa"]
[Result "0-1"]
[WhiteElo "2150"]
[BlackElo "2455"]
[PlyCount "124"]
[EventDate "1997.08.21"]

1. Nf3 Nf6 2. c4 c5 3. d4 cxd4 4. Nxd4 Nc6 5. g3 g6 6. Bg2 Bg7 7. Nc3 O-O 8.
Nc2 d6 9. O-O Be6 10. b3 Qd7 11. Bb2 Bh3 12. Rb1 Rac8 13. e4 Bxg2 14. Kxg2 Qg4
15. f3 Qh5 16. Nd5 Nxd5 17. exd5 Ne5 18. f4 Qxd1 19. Rbxd1 Nd7 20. Bxg7 Kxg7
21. Rfe1 Rfe8 22. Nd4 a6 23. Re3 Rc5 24. Rde1 Kf8 25. a4 Nf6 26. Rd3 Rb8 27.
Rde3 b5 28. axb5 axb5 29. Nxb5 Nxd5 30. R3e2 Rb7 31. Ra2 Nf6 32. Ra8+ Kg7 33.
Rea1 d5 34. R8a7 Rxa7 35. Rxa7 dxc4 36. bxc4 Rxc4 37. Rxe7 Rc2+ 38. Kf3 h5 39.
h3 Rd2 40. Re2 Rd3+ 41. Re3 Rd2 42. Re2 Rd7 43. Nc3 Rd4 44. Re3 Kf8 45. Nb5 Rd2
46. Re2 Rd1 47. Nc3 Rh1 48. h4 Ng4 49. Ne4 Nh6 50. Nd6 Rd1 51. Nc4 Nf5 52. Ne3
Nd4+ 53. Kg2 Rd3 54. Re1 Rd2+ 55. Kf1 Rh2 56. Rd1 Ne2 57. g4 Nxf4 58. gxh5 Nxh5
59. Ng2 Rh1+ 60. Ke2 Ng3+ 61. Kd2 Rh2 62. Rg1 Nf5 0-1